000
00310nam a2200121Ia 4500
008
190216s9999||||xx |||||||||||||| ||und||
100
_a
Sethumadhavan
245
0
_a
Text Book Of Electricity And Electromagnetism
260
_b
Co-Operative Publishers
_c
1994
300
_a
481p
650
_a
Physics
942
_c
BK
999
_c
33314
_d
33314